Most Common 5+ Letter Words - A to Z - Statistics

General Stats
  • This quiz has been taken 74 times
  • The average score is 6 of 26
Answer Stats
letter freq letters word % Correct
T 4024 5 there
67%
C 1683 5 could
57%
A 1971 5 about
54%
U 610 5 under
50%
W 5455 5 would
48%
Q 694 8 question
35%
S 1112 6 should
33%
Y 902 5 {year}s
26%
K 292 9 knowledge
24%
R 1523 5 right
24%
B 1025 6 before
22%
P 2498 6 people
20%
H 1155 5 house
19%
F 1194 5 first
17%
L 876 5 leave
17%
O 1788 5 other
17%
Z 12 5 {zone}s
17%
J 186 5 judge
13%
E 693 5 early
11%
I 773 11 information
9%
V 536 5 voice
9%
M 749 5 money
7%
N 1108 6 number
7%
X 1 10 xenophobia
7%
G 1292 10 government
6%
D 699 11 development
2%
No matching quizzes found
Score Distribution
Percent of People with Each Score
Percentile by Number Answered
Your Score History
You have not taken this quiz